[Event "Coimbra Queima das Fitas op"]
[Site "Coimbra"]
[Date "2017.04.29"]
[Round "2"]
[White "Dias, Ricardo Pedro Cruz"]
[Black "Prata, Jorge"]
[Result "1/2-1/2"]
[WhiteElo "2142"]
[BlackElo "1725"]
[PlyCount "130"]
[EventDate "2017.04.28"]
[EventType "swiss"]
[EventRounds "7"]
[EventCountry "POR"]
[SourceTitle "CBM 178 Extra"]
[Source "ChessBase"]
[SourceDate "2017.06.22"]
[SourceVersion "1"]
[SourceVersionDate "2017.06.22"]
[SourceQuality "1"]

1. e4 e5 2. Nf3 Nc6 3. Bb5 a6 4. Ba4 Nf6 5. 0-0 Be7 6. Re1 b5 7. Bb3 0-0 8. h3 d6 9. c3 Na5 10. Bc2 c5 11. d4 Nc6 12. d5 Nb8 13. a4 Bb7 14. Nbd2 Nbd7 15. Nf1 Re8 16. g4 Nb6 17. Ne3 Nxa4 18. Bxa4 bxa4 19. Nc4 Bc8 20. Rxa4 Bd7 21. Ra2 Rb8 22. Nh2 h5 23. Bg5 hxg4 24. Bxf6 Bxf6 25. hxg4 Bb5 26. Na5 Qc8 27. Nf1 Bg5 28. Ne3 g6 29. Qf3 Kg7 30. Kg2 Rh8 31. Raa1 Bf4 32. Rh1 Qc7 33. Nac4 Qe7 34. Nd2 Rxh1 35. Rxh1 Qg5 36. Qh3 Bxe3 37. fxe3 Be2 38. Qh7+ Kf6 39. Kf2 Bxg4 40. Nc4 Ke7 41. Rf1 Qh5 42. Qxh5 Bxh5 43. Ra1 Bg4 44. Rxa6 Bd7 45. Rxd6 Rxb2+ 46. Nxb2 Kxd6 47. Nc4+ Ke7 48. Nxe5 Be8 49. Ke2 Kd6 50. Nc4+ Ke7 51. Ne5 Kd6 52. Nf3 Bd7 53. Kd3 Bb5+ 54. c4 Bd7 55. e5+ Ke7 56. Nd2 g5 57. Ke4 f5+ 58. exf6+ Kxf6 59. Nb3 Bf5+ 60. Kf3 Bd3 61. Nxc5 Bxc4 62. d6 Bb5 63. Kg4 Ke5 64. d7 Bxd7+ 65. Kxg5 Be8 1/2-1/2

[Event "SA-2016-0-00546"]
[Site "LSS email"]
[Date "2016.11.03"]
[Round "?"]
[White "Keevil, Paul"]
[Black "Prata, Jorge"]
[Result "1/2-1/2"]
[WhiteElo "2247"]
[BlackElo "2146"]
[PlyCount "39"]
[EventDate "2016.10.09"]
[EventType "tourn (corr)"]
[EventRounds "6"]
[EventCountry "GER"]
[SourceTitle "Corr 2022"]
[Source "ChessBase"]
[SourceDate "2021.10.24"]
[SourceVersion "1"]
[SourceVersionDate "2021.10.24"]
[SourceQuality "1"]

1. c4 Nf6 2. g3 e5 3. Bg2 d5 4. cxd5 Nxd5 5. Nc3 Nb6 6. Nf3 Nc6 7. 0-0 Be7 8. Rb1 Be6 9. b4 e4 10. Nxe4 Bxa2 11. Ra1 Bd5 12. Nc3 Bxf3 13. Bxf3 Bxb4 14. Na2 Be7 15. e3 0-0 16. d4 a5 17. Qc2 Qd7 18. Bd2 Rfb8 19. Rfb1 Nd5 20. Rc1 1/2-1/2

[Event "SA-2016-0-00515"]
[Site "LSS email"]
[Date "2016.04.06"]
[Round "?"]
[White "Prata, Jorge"]
[Black "Kahl, Fred"]
[Result "0-1"]
[WhiteElo "2150"]
[BlackElo "2337"]
[PlyCount "122"]
[EventDate "2016.03.13"]
[EventType "tourn (corr)"]
[EventRounds "6"]
[EventCountry "GER"]
[SourceTitle "Corr 2022"]
[Source "ChessBase"]
[SourceDate "2021.10.24"]
[SourceVersion "1"]
[SourceVersionDate "2021.10.24"]
[SourceQuality "1"]

1. e4 e5 2. Nf3 Nc6 3. Bc4 Nf6 4. Ng5 Bc5 5. Bxf7+ Ke7 6. Bd5 Rf8 7. 0-0 d6 8. c3 Bg4 9. Qe1 h6 10. d4 Bb6 11. h3 hxg5 12. hxg4 Rh8 13. Qd1 Qe8 14. Bxc6 bxc6 15. f3 Qg6 16. Be3 Raf8 17. Nd2 Qh6 18. Kf2 Nxg4+ 19. Ke2 Nxe3 20. Kxe3 g4+ 21. Kd3 exd4 22. cxd4 Qg5 23. Qe2 Qb5+ 24. Nc4 Kd8 25. Ke3 gxf3 26. gxf3 Rh3 27. Nxb6 Qg5+ 28. Kd3 axb6 29. Rf2 Qb5+ 30. Ke3 Qa5 31. a3 d5 32. b4 Qa4 33. Qd1 Qa6 34. Qe2 Qc8 35. Kd2 Qe6 36. Raf1 dxe4 37. Qxe4 Qa2+ 38. Kd1 Qxa3 39. Qxc6 Qb3+ 40. Kc1 Rh6 41. Qb7 Rf5 42. Qa8+ Kd7 43. Rc2 Qxb4 44. Qa2 Rd6 45. Qc4 Qxc4 46. Rxc4 b5 47. Rb4 g5 48. Kd2 Ra6 49. Rg1 Ra2+ 50. Ke3 Ra3+ 51. Ke2 c6 52. Rb2 Raxf3 53. Rxg5 Rxg5 54. Kxf3 Kd6 55. Kf4 Rg8 56. Ke4 Rg4+ 57. Kd3 Kd5 58. Rb4 Rg3+ 59. Kc2 Rf3 60. Kd2 Ra3 61. Rb2 Kxd4 0-1

[Event "SA-2016-0-00515"]
[Site "LSS email"]
[Date "2016.04.06"]
[Round "?"]
[White "Susla, Vitaliy"]
[Black "Prata, Jorge"]
[Result "1/2-1/2"]
[WhiteElo "2285"]
[BlackElo "2150"]
[PlyCount "53"]
[EventDate "2016.03.13"]
[EventType "tourn (corr)"]
[EventRounds "6"]
[EventCountry "GER"]
[SourceTitle "Corr 2022"]
[Source "ChessBase"]
[SourceDate "2021.10.24"]
[SourceVersion "1"]
[SourceVersionDate "2021.10.24"]
[SourceQuality "1"]

1. d4 d5 2. c4 c6 3. cxd5 cxd5 4. Bf4 Nc6 5. e3 Nf6 6. Nc3 a6 7. Rc1 Bf5 8. Nf3 Rc8 9. Be2 e6 10. 0-0 Bd6 11. Bxd6 Qxd6 12. Na4 0-0 13. Nc5 Rc7 14. Qb3 Qe7 15. Rc3 Bg4 16. Rfc1 e5 17. dxe5 Nxe5 18. Nxe5 Bxe2 19. Ncd3 Rfc8 20. h3 h6 21. Rxc7 Rxc7 22. Rc3 Bxd3 23. Nxd3 Qd7 24. f3 Qc8 25. Rxc7 Qxc7 26. Kf2 a5 27. Ke2 1/2-1/2

[Event "WC-2015-Q-00006"]
[Site "LSS email"]
[Date "2015.09.08"]
[Round "?"]
[White "Konstantinov, Maxim"]
[Black "Prata, Jorge"]
[Result "1-0"]
[WhiteElo "2439"]
[BlackElo "2108"]
[PlyCount "125"]
[EventDate "2015.09.15"]
[EventType "tourn (corr)"]
[EventRounds "12"]
[EventCountry "GER"]
[SourceTitle "Corr 2022"]
[Source "ChessBase"]
[SourceDate "2021.10.24"]
[SourceVersion "1"]
[SourceVersionDate "2021.10.24"]
[SourceQuality "1"]

1. e4 e5 2. Nf3 Nc6 3. Bc4 Bc5 4. c3 Nf6 5. d3 d6 6. Bb3 a6 7. h3 h6 8. Nbd2 Be6 9. Bc2 Ba7 10. Nf1 d5 11. Qe2 d4 12. Ng3 Qd6 13. 0-0 0-0 14. Nh4 Ne7 15. Kh1 Qd7 16. f4 exf4 17. Rxf4 Ng6 18. Rxf6 Nxh4 19. Qh5 Ng6 20. Rxe6 Qxe6 21. Bxh6 Ne7 22. Bg5 Rae8 23. Rf1 Qg6 24. Qh4 Nc6 25. Nf5 Qh7 26. Qg3 Qg6 27. Bb3 Bc5 28. Nh4 Bd6 29. Nxg6 Bxg3 30. Nxf8 Rxf8 31. cxd4 Nxd4 32. Be7 Ra8 33. Bxf7+ Kh7 34. Bg5 a5 35. Bf4 Ne2 36. Be3 Rd8 37. Bc4 Be5 38. Rf2 Nd4 39. Bg5 Rd6 40. Rf8 b5 41. Bd5 Kg6 42. h4 Kh5 43. Re8 Bg3 44. Be3 c5 45. Rh8+ Kg4 46. Bb7 Bf4 47. Bf2 Be5 48. Bc8+ Kf4 49. Rh5 Rd8 50. Bh3 c4 51. Rg5 Bb8 52. dxc4 bxc4 53. Rxg7 Ne2 54. Rg4+ Ke5 55. g3 c3 56. bxc3 Nxc3 57. Be3 Nxa2 58. Bh6 Kd4 59. e5+ Kd5 60. Bg5 Re8 61. Ra4 Nc3 62. Rxa5+ Ke4 63. Ra8 1-0

[Event "WC-2015-Q-00006"]
[Site "LSS email"]
[Date "2015.09.08"]
[Round "?"]
[White "Markus, Roland"]
[Black "Prata, Jorge"]
[Result "1/2-1/2"]
[WhiteElo "2383"]
[BlackElo "2108"]
[PlyCount "95"]
[EventDate "2015.09.15"]
[EventType "tourn (corr)"]
[EventRounds "12"]
[EventCountry "GER"]
[SourceTitle "Corr 2022"]
[Source "ChessBase"]
[SourceDate "2021.10.24"]
[SourceVersion "1"]
[SourceVersionDate "2021.10.24"]
[SourceQuality "1"]

1. e4 e5 2. Nf3 Nc6 3. d4 exd4 4. Bc4 Bc5 5. c3 Nf6 6. e5 d5 7. Bb5 Ne4 8. cxd4 Bb6 9. Be3 0-0 10. Nc3 Bg4 11. h3 Bh5 12. 0-0 f6 13. exf6 Nxc3 14. bxc3 Qxf6 15. Be2 Rae8 16. Rb1 Qd6 17. Rb2 Qa3 18. Qd2 a6 19. Re1 h6 20. Nh4 Bxe2 21. Rxe2 Re4 22. Bxh6 Rxe2 23. Qxe2 Qxc3 24. Bxg7 Nxd4 25. Bxd4 Bxd4 26. Qe6+ Kg7 27. Qg4+ Kh7 28. Qh5+ Kg7 29. Qg5+ Kh7 30. Re2 Rxf2 31. Qh5+ Kg7 32. Qg6+ Kh8 33. Qh6+ Kg8 34. Qe6+ Rf7+ 35. Kh2 Bg7 36. Qxd5 Qf6 37. Nf3 Qd6+ 38. Qxd6 cxd6 39. Kg3 b5 40. Rc2 a5 41. Rc6 Ra7 42. Rxd6 Ra8 43. Rb6 b4 44. Ng5 Bf8 45. Rg6+ Kh8 46. Nf7+ Kh7 47. Rg4 a4 48. Ng5+ 1/2-1/2

[Event "WC-2015-Q-00006"]
[Site "LSS email"]
[Date "2015.09.08"]
[Round "?"]
[White "Prata, Jorge"]
[Black "Muhl, Patrick"]
[Result "1/2-1/2"]
[WhiteElo "2108"]
[BlackElo "2458"]
[PlyCount "44"]
[EventDate "2015.09.15"]
[EventType "tourn (corr)"]
[EventRounds "12"]
[EventCountry "GER"]
[SourceTitle "Corr 2022"]
[Source "ChessBase"]
[SourceDate "2021.10.24"]
[SourceVersion "1"]
[SourceVersionDate "2021.10.24"]
[SourceQuality "1"]

1. e4 c5 2. Nc3 a6 3. Nge2 d6 4. g3 b5 5. Bg2 Bb7 6. d4 b4 7. Na4 Nd7 8. a3 a5 9. 0-0 Ngf6 10. dxc5 dxc5 11. axb4 axb4 12. e5 Bxg2 13. Kxg2 Nxe5 14. Qxd8+ Rxd8 15. Nxc5 e6 16. Nb7 Rc8 17. Rd1 Ng6 18. c3 bxc3 19. Nxc3 Be7 20. Nd6+ Bxd6 21. Rxd6 0-0 22. Bg5 Rb8 1/2-1/2

[Event "SA-2015-0-00480"]
[Site "LSS email"]
[Date "2015.07.29"]
[Round "?"]
[White "Prata, Jorge"]
[Black "Gruber, Rudolf"]
[Result "1/2-1/2"]
[WhiteElo "2108"]
[BlackElo "2297"]
[PlyCount "87"]
[EventDate "2015.07.02"]
[EventType "tourn (corr)"]
[EventRounds "6"]
[EventCountry "GER"]
[SourceTitle "Corr 2022"]
[Source "ChessBase"]
[SourceDate "2021.10.24"]
[SourceVersion "1"]
[SourceVersionDate "2021.10.24"]
[SourceQuality "1"]

1. e4 e6 2. d4 d5 3. Nc3 Nf6 4. Bg5 Bb4 5. e5 h6 6. Bd2 Bxc3 7. bxc3 Ne4 8. Qg4 Kf8 9. Bd3 Nxd2 10. Kxd2 c5 11. h4 Nc6 12. Rh3 c4 13. Be2 Bd7 14. Rf3 Ne7 15. Nh3 b5 16. Nf4 Nf5 17. a3 a5 18. Rb1 Rb8 19. Nh5 Qxh4 20. Qxh4 Nxh4 21. Rh3 Ng6 22. f4 Ne7 23. g4 Nc6 24. Rhh1 b4 25. axb4 axb4 26. Ra1 Bc8 27. Rhb1 Rg8 28. f5 Bd7 29. Ke3 bxc3 30. Rxb8+ Nxb8 31. Bf3 Ke7 32. Nxg7 Nc6 33. f6+ Kd8 34. Ra8+ Bc8 35. Ra3 Kc7 36. Rxc3 Bd7 37. g5 hxg5 38. Bh5 Rh8 39. Ra3 Rf8 40. c3 Kb6 41. Ra1 Na7 42. Rb1+ Nb5 43. Kd2 Kc6 44. Rg1 1/2-1/2

[Event "CP-2014-P-00061"]
[Site "LSS email"]
[Date "2014.09.30"]
[Round "?"]
[White "Prata, Jorge"]
[Black "Kurpnieks, Vairis"]
[Result "1-0"]
[WhiteElo "2086"]
[BlackElo "2086"]
[PlyCount "91"]
[EventDate "2014.10.01"]
[EventType "tourn (corr)"]
[EventRounds "6"]
[EventCountry "GER"]
[SourceTitle "Corr 2022"]
[Source "ChessBase"]
[SourceDate "2021.10.24"]
[SourceVersion "1"]
[SourceVersionDate "2021.10.24"]
[SourceQuality "1"]

1. e4 c5 2. Nf3 e6 3. d4 cxd4 4. Nxd4 a6 5. c4 Qc7 6. Nc3 b6 7. Bd3 Bb7 8. Be3 Nc6 9. Nxc6 Bxc6 10. Qe2 Bb4 11. 0-0 Ne7 12. Rac1 Bc5 13. a3 Bxe3 14. Qxe3 0-0 15. b4 Qd8 16. Rfd1 f5 17. f3 fxe4 18. Nxe4 Nf5 19. Qf2 Qb8 20. Re1 Bxe4 21. Bxe4 Ra7 22. c5 bxc5 23. Rxc5 Nd6 24. Bd3 Nb5 25. Bxb5 axb5 26. Rxb5 Qc7 27. Rc5 Qb6 28. Re3 Rb8 29. Rd3 d6 30. Rc8+ Kf7 31. Rxb8 Qxb8 32. Qd4 d5 33. Rc3 Rb7 34. g3 Qa7 35. Qxa7 Rxa7 36. b5 Ke8 37. b6 Rb7 38. Rb3 Kd7 39. a4 Kc6 40. a5 g5 41. Rc3+ Kb5 42. Rc7 Rb8 43. Ra7 g4 44. Kf2 h5 45. b7 e5 46. a6 1-0

[Event "CP-2014-P-00061"]
[Site "LSS email"]
[Date "2014.09.30"]
[Round "?"]
[White "Prata, Jorge"]
[Black "Larin, Igor"]
[Result "1/2-1/2"]
[WhiteElo "2086"]
[BlackElo "2293"]
[PlyCount "48"]
[EventDate "2014.10.01"]
[EventType "tourn (corr)"]
[EventRounds "6"]
[EventCountry "GER"]
[SourceTitle "Corr 2022"]
[Source "ChessBase"]
[SourceDate "2021.10.24"]
[SourceVersion "1"]
[SourceVersionDate "2021.10.24"]
[SourceQuality "1"]

1. d4 Nf6 2. c4 c5 3. d5 b5 4. cxb5 a6 5. bxa6 Bxa6 6. Nc3 d6 7. e4 Bxf1 8. Kxf1 g6 9. Nf3 Bg7 10. g3 Nbd7 11. Kg2 0-0 12. Re1 Qb6 13. h3 Rfb8 14. Re2 Qa6 15. Qe1 Nb6 16. Bg5 h6 17. Bxf6 Bxf6 18. Rc1 Nd7 19. b3 c4 20. bxc4 Qxc4 21. Nb1 Qa4 22. Nc3 Qc4 23. Nb1 Qa4 24. Nc3 Qc4 1/2-1/2

[Event "CP-2011-P-00014"]
[Site "LSS email"]
[Date "2011.09.30"]
[Round "?"]
[White "Prata, Jorge"]
[Black "Lingen, Rainer"]
[Result "0-1"]
[WhiteElo "2023"]
[BlackElo "1905"]
[PlyCount "76"]
[EventDate "2011.10.01"]
[EventType "tourn (corr)"]
[EventRounds "6"]
[EventCountry "GER"]
[SourceTitle "Telechess CBM 165"]
[Source "ChessBase"]
[SourceDate "2015.03.11"]
[SourceVersion "1"]
[SourceVersionDate "2015.03.11"]
[SourceQuality "1"]

1. e4 e5 2. Nf3 Nc6 3. Bc4 Bc5 4. c3 Nf6 5. d3 a6 6. 0-0 0-0 7. d4 Ba7 8. dxe5 Ng4 9. Bf4 Qe7 10. Qd5 b5 11. Bb3 Bb7 12. h3 Ncxe5 13. Qxb7 Nxf3+ 14. gxf3 Nxf2 15. Rxf2 Qh4 16. Qxa7 Rxa7 17. Be3 Qg3+ 18. Kf1 Raa8 19. Nd2 a5 20. a4 Rfb8 21. Ke2 bxa4 22. Rxa4 Qxh3 23. Kd1 d6 24. Kc2 Qd7 25. Rg2 g6 26. Rg5 Rb5 27. f4 Rxb3 28. Kxb3 Qh3 29. Nc4 Re8 30. Rd5 Qf3 31. Rd4 h5 32. f5 h4 33. fxg6 fxg6 34. Bg1 Rb8+ 35. Ka2 Qg2 36. Be3 h3 37. Rd2 Qxd2 38. Nxd2 h2 0-1

[Event "LSS SA-2010-0-00152"]
[Site "LSS email"]
[Date "2010.09.16"]
[Round "?"]
[White "Prata, Jorge"]
[Black "Sanner, Zdzislaw"]
[Result "0-1"]
[WhiteElo "2026"]
[BlackElo "2187"]
[PlyCount "202"]
[EventDate "2010.09.01"]
[EventType "tourn (corr)"]
[EventRounds "6"]
[EventCountry "GER"]
[SourceTitle "Telechess CBM 149"]
[Source "ChessBase"]
[SourceDate "2012.07.17"]
[SourceVersion "1"]
[SourceVersionDate "2012.07.17"]
[SourceQuality "1"]

1. b3 e5 2. Bb2 Nc6 3. c4 Nf6 4. Nf3 e4 5. Nd4 Bc5 6. Nxc6 dxc6 7. e3 Bf5 8. Be2 Qd7 9. 0-0 0-0-0 10. a3 h5 11. b4 Be7 12. Qa4 Kb8 13. Bd4 c5 14. Qxd7 Nxd7 15. bxc5 Nxc5 16. Bxg7 Rhg8 17. Be5 h4 18. g3 f6 19. Bc3 Nd3 20. a4 Bh3 21. Rd1 f5 22. Bxd3 Rxd3 23. Be5 hxg3 24. fxg3 Rgd8 25. Bf4 Bc5 26. Rc1 Bb4 27. Ra2 Bxd2 28. Nxd2 Rxd2 29. Rac2 Kc8 30. c5 a5 31. Be5 R8d3 32. Bd4 Kb8 33. Rxd2 Rxd2 34. Rb1 Rg2+ 35. Kh1 Ra2 36. Ra1 Rd2 37. Rb1 Kc8 38. Kg1 Rg2+ 39. Kh1 Ra2 40. Ra1 Rc2 41. Kg1 Kd7 42. Rb1 Kc6 43. Rb5 Rg2+ 44. Kf1 Rxg3+ 45. Ke2 Rg2+ 46. Ke1 f4 47. exf4 Rxh2 48. Rxa5 Bg4 49. Kf1 Rh3 50. Ra8 Rf3+ 51. Kg2 Rd3 52. Bg1 Bh3+ 53. Kf2 Be6 54. Re8 Kd7 55. Rh8 Bg4 56. Rh7+ Kd8 57. Kg2 e3 58. c6 bxc6 59. f5 Rd2+ 60. Kg3 e2 61. Rh8+ Kd7 62. Rh7+ Kc8 63. Bf2 Bxf5 64. Rh8+ Kb7 65. Be1 Rd5 66. Re8 Bd3 67. Kf4 Ba6 68. Ke3 c5 69. Kf2 Rh5 70. Rg8 Rf5+ 71. Ke3 Re5+ 72. Kd2 Rd5+ 73. Ke3 Rd1 74. Kf2 Bd3 75. Re8 Rc1 76. Re3 c4 77. a5 Ka6 78. Re6+ Kb5 79. Re5+ c5 80. a6 Ra1 81. Re6 Rxa6 82. Rxa6 Kxa6 83. Bc3 Kb5 84. Ke3 Ka4 85. Kd2 Kb3 86. Kc1 Bf5 87. Be1 Bc2 88. Bc3 Bd1 89. Be1 c3 90. Bf2 Kc4 91. Bg3 Kd3 92. Be1 c4 93. Bf2 Ke4 94. Be1 c2 95. Bf2 Kf3 96. Be1 Kg2 97. Kd2 Kf1 98. Bh4 c1Q+ 99. Kxc1 c3 100. Bg3 e1Q 101. Bxe1 Kxe1 0-1

[Event "CP-2008-Q-00004"]
[Site "LSS email"]
[Date "2010.01.11"]
[Round "?"]
[White "Prata, Jorge"]
[Black "Bester, Kazimierz"]
[Result "1-0"]
[WhiteElo "2048"]
[BlackElo "705"]
[PlyCount "37"]
[EventDate "2010.01.15"]
[EventType "tourn (corr)"]
[EventRounds "6"]
[EventCountry "GER"]
[SourceTitle "Corr 2013"]
[Source "ChessBase"]
[SourceDate "2012.11.12"]
[SourceVersion "1"]
[SourceVersionDate "2012.11.12"]
[SourceQuality "1"]

1. e4 Nf6 2. e5 Nd5 3. d4 d6 4. Nf3 dxe5 5. Nxe5 g6 6. Bc4 e6 7. 0-0 c6 8. Qf3 f5 9. Nc3 Bg7 10. Re1 0-0 11. Bb3 Bxe5 12. Rxe5 Qb6 13. Qd3 a5 14. Bh6 Rf7 15. Rae1 Na6 16. Nxd5 cxd5 17. Rxd5 exd5 18. Re8+ Rf8 19. Rxf8# 1-0